Transzanális műtéti útmutató

We summarized diagnostic, surgical treatment and follow-up principles of benign and early malignant lesions of the rectum. Our aim is to provide a nationwide practical synopsis of transanal minimally invasive surgical techniques which might be the basis of a Hungarian national audit of rectal polyp...

Teljes leírás

Elmentve itt :
Bibliográfiai részletek
Szerzők: Almási Kálmán
Ábrahám Szabolcs
Baracs József
Bursics Attila
Jánó Zoltán
Sztipits Tamás
Szűts Áron
Tóth Dezső
Zaránd Attila
Bánky Balázs
Dokumentumtípus: Cikk
Megjelent: 2019
Sorozat:MAGYAR SEBÉSZET 72 No. 2
Tárgyszavak:
doi:10.1556/1046.72.2019.2.1

mtmt:30719125
Online Access:http://publicatio.bibl.u-szeged.hu/24735
LEADER 01319nab a2200325 i 4500
001 publ24735
005 20220720131644.0
008 220720s2019 hu o 0|| Magyar d
022 |a 0025-0295 
024 7 |a 10.1556/1046.72.2019.2.1  |2 doi 
024 7 |a 30719125  |2 mtmt 
040 |a SZTE Publicatio Repozitórium  |b hun 
041 |a Magyar 
100 1 |a Almási Kálmán 
245 1 0 |a Transzanális műtéti útmutató  |h [elektronikus dokumentum] /  |c  Almási Kálmán 
260 |c 2019 
300 |a 33-46 
490 0 |a MAGYAR SEBÉSZET  |v 72 No. 2 
520 3 |a We summarized diagnostic, surgical treatment and follow-up principles of benign and early malignant lesions of the rectum. Our aim is to provide a nationwide practical synopsis of transanal minimally invasive surgical techniques which might be the basis of a Hungarian national audit of rectal polyp management. 
650 4 |a Klinikai orvostan 
700 0 1 |a Ábrahám Szabolcs  |e aut 
700 0 1 |a Baracs József  |e aut 
700 0 1 |a Bursics Attila  |e aut 
700 0 1 |a Jánó Zoltán  |e aut 
700 0 1 |a Sztipits Tamás  |e aut 
700 0 1 |a Szűts Áron  |e aut 
700 0 1 |a Tóth Dezső  |e aut 
700 0 1 |a Zaránd Attila  |e aut 
700 0 1 |a Bánky Balázs  |e aut 
856 4 0 |u http://publicatio.bibl.u-szeged.hu/24735/1/Almasi_Transzanalis.pdf  |z Dokumentum-elérés